000 00343nab a22001097u 4500
008 130520b1987 xxu||||| |||| 00| 0 spa d
041 _aspa
100 1 _aVorgrimler, Herbert
_912118
245 0 0 _aLa aventura de un nuevo "catecismo universal"
_cHerbert Vorgrimler
773 0 _tConcilium
_gV.2,1987,págs.127-134
_x0210-1041
_wRev134
942 _cAR
999 _c355347
_d355347